[Event "WLS-ch"]
[Site "Ogmore-by-Sea"]
[Date "1992.04.18"]
[Round "2"]
[White "Evans, John S"]
[Black "Summers, Charles B"]
[Result "1-0"]
[WhiteElo "2000"]
[BlackElo "1950"]
[PlyCount "65"]
[EventDate "1992.04.17"]
[EventType "swiss"]
[EventRounds "7"]
[EventCountry "WLS"]
[SourceTitle "BritBase"]
[Source "John Saunders"]
[SourceDate "2024.03.28"]
[SourceVersion "1"]
[SourceVersionDate "2024.03.28"]
[SourceQuality "1"]

1. Nf3 c5 2. e4 Nc6 3. Nc3 d6 4. Bc4 e6 5. d4 cxd4 6. Nxd4 a6 7. a4 Nge7 8. O-O
g6 9. Be3 Bg7 10. Qd2 O-O 11. Rad1 d5 12. exd5 exd5 13. Bb3 Kh8 14. Rfe1 Be6
15. Nce2 Na5 16. Bg5 Nxb3 17. cxb3 Qd6 18. Nf4 Bxd4 19. Qxd4+ Kg8 20. Bxe7 Qxe7
21. Nxd5 Qd8 22. Nf6+ Kg7 23. Nh5+ Kh6 24. Qg7+ Kxh5 25. Rxd8 Raxd8 26. Qxh7+
Kg5 27. Qg7 Rg8 28. h4+ Kh5 29. Qh7+ Kg4 30. Qh6 g5 31. hxg5 Rh8 32. f3+ Kg3
33. Qf6 1-0

[Event "WLS-ch"]
[Site "Ogmore-by-Sea"]
[Date "1992.04.18"]
[Round "2"]
[White "Fish, Andrew"]
[Black "Campbell, J"]
[Result "1-0"]
[WhiteElo "2030"]
[BlackElo "1840"]
[PlyCount "94"]
[EventDate "1992.04.17"]
[EventType "swiss"]
[EventRounds "7"]
[EventCountry "WLS"]
[SourceTitle "BritBase"]
[Source "John Saunders"]
[SourceDate "2024.03.28"]
[SourceVersion "1"]
[SourceVersionDate "2024.03.28"]
[SourceQuality "1"]

1. e4 c5 2. Nc3 Nc6 3. g3 e6 4. Bg2 Nf6 5. f4 d5 6. e5 Nd7 7. Nf3 a6 8. a4 Be7
9. O-O b6 10. Kh1 Bb7 11. Ne2 d4 12. d3 Qc7 13. c3 Rd8 14. cxd4 Nxd4 15. Nexd4
cxd4 16. Bd2 Nc5 17. Be1 Bd5 18. b4 Nb7 19. Rc1 Qd7 20. Qc2 O-O 21. Qc7 Qxc7
22. Rxc7 Rfe8 23. Bd2 Rc8 24. Rfc1 Rxc7 25. Rxc7 Bd8 26. Rc8 Kf8 27. Nxd4 Bxg2+
28. Kxg2 Be7 29. Rc7 Nd8 30. Ra7 a5 31. bxa5 Bc5 32. Nb3 Nc6 33. Rc7 Nd4 34.
Nxc5 bxc5 35. Be3 Ra8 36. Bxd4 cxd4 37. Rc5 Rb8 38. a6 Ra8 39. Ra5 Ke7 40. Kf3
Kd7 41. Ke4 Kc6 42. a7 Kb6 43. Rb5+ Kc6 44. Kxd4 Rxa7 45. Rc5+ Kb6 46. Rc4 Rd7+
47. Ke4 Rd5 1-0

[Event "WLS-ch"]
[Site "Ogmore-by-Sea"]
[Date "1992.04.18"]
[Round "2"]
[White "Fletcher, John"]
[Black "Thornton, John D"]
[Result "1-0"]
[WhiteElo "1885"]
[BlackElo "2080"]
[PlyCount "105"]
[EventDate "1992.04.17"]
[EventType "swiss"]
[EventRounds "7"]
[EventCountry "WLS"]
[SourceTitle "BritBase"]
[Source "John Saunders"]
[SourceDate "2024.03.28"]
[SourceVersion "1"]
[SourceVersionDate "2024.03.28"]
[SourceQuality "1"]

1. d4 Nf6 2. Nc3 d5 3. Bg5 e6 4. e4 Be7 5. e5 Nfd7 6. Bxe7 Qxe7 7. f4 a6 8. Nf3
c5 9. Qd2 Nc6 10. Be2 cxd4 11. Nxd4 Nxd4 12. Qxd4 Qc5 13. Rd1 O-O 14. O-O b5
15. a3 Bb7 16. Bg4 Qxd4+ 17. Rxd4 g6 18. Ne4 Nb6 19. Nd6 Rab8 20. Be2 Nc8 21.
Nxc8 Bxc8 22. Rf3 Bd7 23. Rc3 Rfc8 24. Rxc8+ Rxc8 25. c3 f6 26. exf6 Kf7 27. g4
Kxf6 28. g5+ Kg7 29. Kf2 Bc6 30. Rd3 Rf8 31. Ke3 h6 32. h4 hxg5 33. hxg5 b4 34.
axb4 Bb5 35. Rd2 Rf5 36. Bg4 Rf8 37. Rf2 Re8 38. Kd4 Kf7 39. Rh2 Kg7 40. b3 Re7
41. c4 dxc4 42. bxc4 Bd7 43. Ke5 Rf7 44. Rd2 Bc8 45. Rd4 Rb7 46. Rd8 Bd7 47.
Bf3 Rc7 48. c5 Bb5 49. Rb8 Kf7 50. Rb7 Rxb7 51. Bxb7 Ke7 52. c6 Kd8 53. Kxe6
1-0

[Event "WLS-ch"]
[Site "Ogmore-by-Sea"]
[Date "1992.04.18"]
[Round "2"]
[White "Gilbert, Jonathan A"]
[Black "Smith, David"]
[Result "1-0"]
[WhiteElo "2060"]
[BlackElo "1905"]
[PlyCount "61"]
[EventDate "1992.04.17"]
[EventType "swiss"]
[EventRounds "7"]
[EventCountry "WLS"]
[SourceTitle "BritBase"]
[Source "John Saunders"]
[SourceDate "2024.03.28"]
[SourceVersion "1"]
[SourceVersionDate "2024.03.28"]
[SourceQuality "1"]

1. d4 Nf6 2. c4 e6 3. Nc3 Bb4 4. Bg5 c5 5. d5 d6 6. e3 exd5 7. cxd5 Bf5 8. Bd3
Bxd3 9. Qxd3 Nbd7 10. Nf3 O-O 11. O-O Bxc3 12. bxc3 Re8 13. c4 Ne5 14. Nxe5
Rxe5 15. Bf4 Re8 16. h3 Qd7 17. f3 Nh5 18. Bg5 h6 19. Bh4 g5 20. Be1 f5 21. Bc3
Qh7 22. Bb2 f4 23. e4 Re7 24. Rfe1 Rae8 25. Qc3 Qg6 26. Rad1 Kf7 27. Qd2 Re5
28. Bxe5 Rxe5 29. Qa5 a6 30. Qb6 Re7 31. e5 1-0

[Event "WLS-ch"]
[Site "Ogmore-by-Sea"]
[Date "1992.04.18"]
[Round "2"]
[White "Green, Karl"]
[Black "Smith, Jeff R"]
[Result "1/2-1/2"]
[WhiteElo "1780"]
[BlackElo "2165"]
[PlyCount "107"]
[EventDate "1992.04.17"]
[EventType "swiss"]
[EventRounds "7"]
[EventCountry "WLS"]
[SourceTitle "BritBase"]
[Source "John Saunders"]
[SourceDate "2024.03.28"]
[SourceVersion "1"]
[SourceVersionDate "2024.03.28"]
[SourceQuality "1"]

1. d4 Nf6 2. Nf3 e6 3. e3 b6 4. Nbd2 Bb7 5. a3 Be7 6. Be2 O-O 7. O-O c5 8. dxc5
bxc5 9. c4 Nc6 10. Qc2 Qc7 11. h3 Rac8 12. b3 d6 13. Bb2 a5 14. Rfd1 Rfd8 15.
Nf1 Nb8 16. Ng3 Nbd7 17. Nh2 Nb6 18. Bc3 Ra8 19. a4 Nbd7 20. Bf3 Nb8 21. Rab1
Bxf3 22. Nxf3 Nc6 23. Ne4 Rab8 24. Nxf6+ Bxf6 25. Bxf6 gxf6 26. Qe4 Ne5 27. Qh4
Qe7 28. Nxe5 dxe5 29. Rxd8+ Rxd8 30. Qg4+ Kh8 31. Rd1 f5 32. Rxd8+ Qxd8 33. Qe2
Kg7 34. Kf1 e4 35. f3 exf3 36. gxf3 Qd6 37. Kg2 f6 38. Qe1 Qc7 39. Qd2 Kf7 40.
Qd3 Ke7 41. f4 Qb7+ 42. Kg3 Qb4 43. Kf2 h6 44. Ke2 Qb7 45. Kf2 Qh1 46. Qf1 Qe4
47. Qg2 Kf7 48. Qxe4 fxe4 49. Kg3 Kg6 50. Kh4 f5 51. Kg3 Kf6 52. h4 e5 53. h5
exf4+ 54. exf4 1/2-1/2

[Event "WLS-ch"]
[Site "Ogmore-by-Sea"]
[Date "1992.04.18"]
[Round "2"]
[White "James, David J"]
[Black "Miles, Richard J"]
[Result "1-0"]
[WhiteElo "2225"]
[BlackElo "2100"]
[PlyCount "55"]
[EventDate "1992.04.17"]
[EventType "swiss"]
[EventRounds "7"]
[EventCountry "WLS"]
[SourceTitle "BritBase"]
[Source "John Saunders"]
[SourceDate "2024.03.28"]
[SourceVersion "1"]
[SourceVersionDate "2024.03.28"]
[SourceQuality "1"]

1. d4 Nf6 2. c4 g6 3. Nc3 Bg7 4. e4 d6 5. f3 O-O 6. Be3 Nc6 7. Nge2 Rb8 8. a3
Nd7 9. d5 Na5 (9... Nce5 $5 10. Bxa7 Ra8 11. Bd4 c5 $44) 10. Bxa7 Ra8 11. Bd4
Ne5 12. f4 Nexc4 13. Bxg7 Nxb2 14. Qc2 Kxg7 15. Qxb2 Nc4 16. Qc1 c5 17. Ng3 Na5
18. Qb2 f6 19. Be2 h5 20. h4 Bg4 21. Bxg4 hxg4 22. h5 gxh5 23. Rxh5 Rh8 24.
Rxh8 Qxh8 25. Kf2 Qc8 26. Qe2 Nb3 27. Nf5+ Kf7 28. Qxg4 1-0

[Event "WLS-ch"]
[Site "Ogmore-by-Sea"]
[Date "1992.04.18"]
[Round "2"]
[White "Jones, Iolo Cerredig"]
[Black "Eustis, Ian P"]
[Result "1-0"]
[WhiteElo "2285"]
[BlackElo "1880"]
[PlyCount "61"]
[EventDate "1992.04.17"]
[EventType "swiss"]
[EventRounds "7"]
[EventCountry "WLS"]
[SourceTitle "BritBase"]
[Source "John Saunders"]
[SourceDate "2024.03.28"]
[SourceVersion "1"]
[SourceVersionDate "2024.03.28"]
[SourceQuality "1"]

1. d4 d5 2. Nf3 Nf6 3. Bg5 Ne4 4. Bh4 h6 5. Nfd2 g5 6. Nxe4 gxh4 7. Nec3 Bf5 8.
e3 e6 9. Bd3 Qg5 10. g3 c6 11. Bxf5 Qxf5 12. Nd2 Nd7 13. Nf3 Be7 14. Qe2 O-O-O
15. O-O-O e5 16. e4 dxe4 17. Nxe4 Qe6 18. Nc3 Bg5+ 19. Kb1 Rhe8 20. d5 cxd5 21.
Rxd5 a6 22. Rhd1 Be7 23. Nxe5 Nxe5 24. Rxe5 Rxd1+ 25. Nxd1 Qd7 26. Nc3 hxg3 27.
hxg3 Qc6 28. Nd5 Kd7 29. Rxe7+ Rxe7 30. Qxe7+ Kc8 31. Qxf7 1-0

[Event "WLS-ch"]
[Site "Ogmore-by-Sea"]
[Date "1992.04.18"]
[Round "2"]
[White "Martin, David"]
[Black "Richmond, Peter Allan"]
[Result "0-1"]
[WhiteElo "1900"]
[BlackElo "2220"]
[PlyCount "84"]
[EventDate "1992.04.17"]
[EventType "swiss"]
[EventRounds "7"]
[EventCountry "WLS"]
[SourceTitle "BritBase"]
[Source "John Saunders"]
[SourceDate "2024.03.28"]
[SourceVersion "1"]
[SourceVersionDate "2024.03.28"]
[SourceQuality "1"]

1. c4 d6 2. Nc3 e5 3. g3 c6 4. Bg2 Be6 5. d3 Nd7 6. e4 Be7 7. Nge2 f5 8. b3
Ngf6 9. O-O O-O 10. Kh1 Qe8 11. Ng1 fxe4 12. dxe4 Rd8 13. f4 exf4 14. Bxf4 Ne5
15. Nf3 Bg4 16. Qc2 Bxf3 17. Bxf3 Nxf3 18. Rxf3 Qh5 19. Raf1 Ng4 20. Bc1 Rxf3
21. Rxf3 Bf6 22. Nd1 Re8 23. Rf5 Qh3 24. Qg2 Qxg2+ 25. Kxg2 Rxe4 26. Kf3 Rd4
27. Ne3 Nxh2+ 28. Kg2 Ng4 29. Nxg4 Rxg4 30. Be3 a6 31. Kf3 Rg6 32. Bd2 Be5 33.
g4 Rf6 34. Ke4 Rxf5 35. Kxf5 Kf7 36. b4 b5 37. c5 g6+ 38. Ke4 h5 39. gxh5 gxh5
40. cxd6 Bxd6 41. Kf5 h4 42. Kg4 Be7 0-1

[Event "WLS-ch"]
[Site "Ogmore-by-Sea"]
[Date "1992.04.18"]
[Round "2"]
[White "May, Adam John"]
[Black "Rizvi, Nasir"]
[Result "0-1"]
[WhiteElo "1840"]
[BlackElo "1990"]
[PlyCount "81"]
[EventDate "1992.04.17"]
[EventType "swiss"]
[EventRounds "7"]
[EventCountry "WLS"]
[SourceTitle "BritBase"]
[Source "John Saunders"]
[SourceDate "2024.03.28"]
[SourceVersion "1"]
[SourceVersionDate "2024.03.28"]
[SourceQuality "1"]

1. e4 Nf6 2. e5 Nd5 3. d4 d6 4. Nf3 g6 5. Bc4 Nb6 6. Bb3 Bg7 7. a4 a5 8. O-O
O-O 9. h3 Nc6 10. Qe2 h6 11. Nc3 Kh7 12. Be3 f5 13. exf6 exf6 14. d5 Ne5 15.
Nd4 f5 16. f4 c5 17. dxc6 Nxc6 18. Ndb5 Nb4 19. Qf2 Ra6 20. Rad1 d5 21. Rd2 Be6
22. Rfd1 Rf7 23. Nd4 Bxd4 24. Rxd4 Rd7 25. Nb5 Nc6 26. R4d3 Nc8 27. c4 Nb4 28.
R3d2 Ne7 29. c5 Ng8 30. Nd6 Nf6 31. Bd4 Ne4 32. Nxe4 fxe4 33. Be3 Nd3 34. Qe2
d4 35. Bxe6 Rxe6 36. Bf2 Nxf2 37. Kxf2 e3+ 38. Kg1 Qf6 39. Qb5 Rf7 40. Re2 Qxf4
41. Qc4 0-1

[Event "WLS-ch"]
[Site "Ogmore-by-Sea"]
[Date "1992.04.18"]
[Round "2"]
[White "Morris, Charles F"]
[Black "Dawson, Gary B"]
[Result "1-0"]
[WhiteElo "2220"]
[BlackElo "2010"]
[PlyCount "121"]
[EventDate "1992.04.17"]
[EventType "swiss"]
[EventRounds "7"]
[EventCountry "WLS"]
[SourceTitle "BritBase"]
[Source "John Saunders"]
[SourceDate "2024.03.28"]
[SourceVersion "1"]
[SourceVersionDate "2024.03.28"]
[SourceQuality "1"]

1. c4 e5 2. Nc3 d6 3. d4 exd4 4. Qxd4 Nc6 5. Qd2 g6 6. b3 Bg7 7. Bb2 Nf6 8. g3
Bf5 9. Bg2 Rb8 10. Nh3 Ne7 11. e4 Bg4 12. Nf4 a6 13. a4 O-O 14. O-O Re8 15.
Rfe1 Nc6 16. h3 Bc8 17. Nfd5 Nd7 18. Nd1 Nc5 19. Bxg7 Kxg7 20. Qc3+ f6 21. b4
Ne6 22. f4 Ncd4 23. c5 c6 24. Nb6 dxc5 25. bxc5 Qe7 26. Rc1 Rd8 27. Ne3 Nf8 28.
Rcd1 Nde6 29. Rxd8 Nxd8 30. Rd1 Nd7 31. Nxd7 Bxd7 32. Qd4 Be6 33. Qd6 Qxd6 34.
Rxd6 Kf7 35. f5 Bb3 36. a5 Ke7 37. Ng4 gxf5 38. exf5 Nf7 39. Rd3 Bc4 40. Re3+
Ne5 41. Nxe5 fxe5 42. Rxe5+ Kf6 43. Re4 Bd5 44. Rh4 Bg8 45. Rb4 Rd8 46. g4 Rd1+
47. Kf2 Rc1 48. Rxb7 Rxc5 49. Rb6 Rxa5 50. Rxc6+ Kg5 51. Kg3 Ra3+ 52. Kh2 Ra2
53. Rd6 Ra3 54. Bf1 a5 55. Bd3 Kf4 56. Rd8 Bf7 57. f6 Ra2+ 58. Kg1 Kg3 59. Bf1
Ra1 60. Rd3+ Kf4 61. Rd7 1-0

[Event "WLS-ch"]
[Site "Ogmore-by-Sea"]
[Date "1992.04.18"]
[Round "2"]
[White "O'Neill, Paul A"]
[Black "Evans, Carl"]
[Result "1-0"]
[WhiteElo "2180"]
[BlackElo "1830"]
[PlyCount "143"]
[EventDate "1992.04.17"]
[EventType "swiss"]
[EventRounds "7"]
[EventCountry "WLS"]
[SourceTitle "BritBase"]
[Source "John Saunders"]
[SourceDate "2024.03.28"]
[SourceVersion "1"]
[SourceVersionDate "2024.03.28"]
[SourceQuality "1"]

1. e4 g6 2. d4 Bg7 3. Nc3 c6 4. Nf3 d5 5. e5 Nh6 6. Bd3 O-O 7. Ne2 f6 8. exf6
exf6 9. O-O Na6 10. Ng3 Re8 11. Bf4 Nf7 12. h4 Bg4 13. h5 f5 14. hxg6 hxg6 15.
Be2 Bxf3 16. Bxf3 g5 17. Bd2 Nd6 18. c3 Rf8 19. Be2 Nc7 20. Bd3 Ne4 21. Bxe4
fxe4 22. Qg4 Bf6 23. Nh5 Be7 24. f4 exf3 25. Rae1 f2+ 26. Rxf2 Rxf2 27. Kxf2
Qf8+ 28. Kg1 Re8 29. Re5 Kh8 30. Ng3 Bd8 31. Qh5+ Kg8 32. Qg6+ Kh8 33. Qh5+ Kg8
34. Bxg5 Rxe5 35. dxe5 Bxg5 36. Qxg5+ Qg7 37. Qxg7+ Kxg7 38. Nf5+ Kg6 39. Nd6
b6 40. Kf2 Kg5 41. Ke3 c5 42. c4 dxc4 43. Nxc4 Kf5 44. Kf3 b5 45. g4+ Ke6 46.
Na5 Kxe5 47. Nc6+ Kf6 48. Nxa7 Kg5 49. Nc8 Ne6 50. Nd6 Nd4+ 51. Ke4 b4 52. Kd5
Ne2 53. Kxc5 Nc1 54. Kxb4 Nxa2+ 55. Ka3 Nc1 56. b4 Nd3 57. b5 Kxg4 58. b6 Nc5
59. Kb4 Nd7 60. b7 Kf4 61. Kb5 Ke5 62. Kc6 Nb8+ 63. Kc7 Na6+ 64. Kb6 Nb8 65.
Nb5 Ke6 66. Kc7 Nd7 67. Nd4+ Ke7 68. Nc6+ Ke6 69. Kd8 Kd6 70. Ne5 Nb8 71. Kc8
Na6 72. Nd3 1-0

[Event "WLS-ch"]
[Site "Ogmore-by-Sea"]
[Date "1992.04.18"]
[Round "2"]
[White "Perrett, David C"]
[Black "Rayner, Francis"]
[Result "0-1"]
[WhiteElo "2085"]
[BlackElo "2225"]
[PlyCount "62"]
[EventDate "1992.04.17"]
[EventType "swiss"]
[EventRounds "7"]
[EventCountry "WLS"]
[SourceTitle "BritBase"]
[Source "John Saunders"]
[SourceDate "2024.03.28"]
[SourceVersion "1"]
[SourceVersionDate "2024.03.28"]
[SourceQuality "1"]

1. d4 Nf6 2. Bg5 Ne4 3. Bf4 c5 4. Nd2 Nxd2 5. Qxd2 cxd4 6. Qxd4 Nc6 7. Qd2 e5
8. Bg3 d5 9. Nf3 f6 10. e3 Be6 11. Be2 Be7 12. O-O O-O 13. Rfd1 Qb6 14. c3 Rfd8
15. Ne1 a5 16. Nc2 a4 17. b4 axb3 18. axb3 Rxa1 19. Nxa1 Ra8 20. f4 Bc5 21. Kh1
Bxe3 22. Qc2 exf4 23. Be1 Ne5 24. b4 Rc8 25. Qa4 Bf2 26. Bd2 Be3 27. Be1 Bf5
28. Rxd5 Be4 29. Rd1 f3 30. Bf1 Qe6 31. Nc2 fxg2+ 0-1

[Event "WLS-ch"]
[Site "Ogmore-by-Sea"]
[Date "1992.04.18"]
[Round "2"]
[White "Rice, John P"]
[Black "Hannon, Mark"]
[Result "1/2-1/2"]
[WhiteElo "1810"]
[BlackElo "2050"]
[PlyCount "67"]
[EventDate "1992.04.17"]
[EventType "swiss"]
[EventRounds "7"]
[EventCountry "WLS"]
[SourceTitle "BritBase"]
[Source "John Saunders"]
[SourceDate "2024.03.28"]
[SourceVersion "1"]
[SourceVersionDate "2024.03.28"]
[SourceQuality "1"]

1. f4 g6 2. Nc3 d5 3. e3 Bg7 4. Nf3 Nf6 5. b3 O-O 6. Bb2 c5 7. Ne2 Nc6 8. Ng3
Bg4 9. Be2 Qb6 10. O-O Rad8 11. Kh1 Ne4 12. Bxg7 Nxg3+ 13. hxg3 Kxg7 14. Ng5
Bxe2 15. Qxe2 h6 16. Nh3 e6 17. g4 Ne7 18. Rf2 Rh8 19. Kg1 h5 20. Ng5 hxg4 21.
Qxg4 Nf5 22. g3 Rh5 23. Rh2 Rdh8 24. Rxh5 Rxh5 25. Kg2 Qd8 26. Rh1 Rxh1 27.
Kxh1 Qa5 28. Qh3 Nh6 29. Nxe6+ fxe6 30. Qxe6 Qxd2 31. Qe5+ Kf7 32. Qc7+ Kg8 33.
Qb8+ Kg7 34. Qe5+ 1/2-1/2

[Event "WLS-ch"]
[Site "Ogmore-by-Sea"]
[Date "1992.04.18"]
[Round "2"]
[White "Richmond Garwell, Jane"]
[Black "Cooper, John Grantley"]
[Result "0-1"]
[WhiteElo "2125"]
[BlackElo "2360"]
[PlyCount "84"]
[EventDate "1992.04.17"]
[EventType "swiss"]
[EventRounds "7"]
[EventCountry "WLS"]
[SourceTitle "BritBase"]
[Source "John Saunders"]
[SourceDate "2024.03.28"]
[SourceVersion "1"]
[SourceVersionDate "2024.03.28"]
[SourceQuality "1"]

1. e4 e5 2. Nc3 Nf6 3. g3 Bb4 4. Bg2 O-O 5. Nge2 c6 6. O-O d5 7. exd5 cxd5 8.
d4 exd4 9. Nxd4 Nc6 10. Bg5 Be7 11. Qd2 h6 12. Be3 Ne5 13. Bf4 Nc4 14. Qd3 Nxb2
15. Qb5 Nc4 16. Nxd5 Nxd5 17. Qxd5 Qxd5 18. Bxd5 Rd8 19. Nc6 bxc6 20. Bxc4 Bf5
21. Rab1 Rd7 22. Rfd1 Rad8 23. Rxd7 Rxd7 24. Rb8+ Kh7 25. Kg2 Bg5 26. Bxg5 hxg5
27. c3 g4 28. Re8 Kg6 29. f3 Kf6 30. Re2 Bd3 31. Bxd3 Rxd3 32. fxg4 Rxc3 33. h4
c5 34. Kh3 Rd3 35. g5+ Kg6 36. Kg4 Rd4+ 37. Kf3 c4 38. Re7 Rd3+ 39. Ke2 Ra3 40.
Rc7 Rxa2+ 41. Ke3 Ra3+ 42. Kd4 Rxg3 0-1

[Event "WLS-ch"]
[Site "Ogmore-by-Sea"]
[Date "1992.04.18"]
[Round "2"]
[White "Sheehan, Anthony"]
[Black "Morton, Robert"]
[Result "1-0"]
[WhiteElo "2010"]
[BlackElo "1905"]
[PlyCount "73"]
[EventDate "1992.04.17"]
[EventType "swiss"]
[EventRounds "7"]
[EventCountry "WLS"]
[SourceTitle "BritBase"]
[Source "John Saunders"]
[SourceDate "2024.03.28"]
[SourceVersion "1"]
[SourceVersionDate "2024.03.28"]
[SourceQuality "1"]

1. e4 c6 2. d4 d5 3. e5 Bf5 4. Nc3 e6 5. g4 Bg6 6. h4 f6 7. h5 Bf7 8. f4 Nd7 9.
Nf3 c5 10. Be3 cxd4 11. Bxd4 fxe5 12. fxe5 a6 13. Qe2 Bc5 14. Nxd5 Bxd4 15.
Nxd4 Qa5+ 16. Nc3 Qxe5 17. O-O-O Ngf6 18. Rh3 Qg5+ 19. Kb1 Qxg4 20. Re3 Qxe2
21. Bxe2 O-O-O 22. Nxe6 Rhe8 23. Bc4 Nxh5 24. Rde1 Nc5 25. Nxg7 Rxe3 26. Rxe3
Bxc4 27. Nxh5 Rg8 28. b3 Bf7 29. Nf6 Rg1+ 30. Kb2 Bg6 31. Ncd5 Rg2 32. Rc3 b6
33. b4 Kb7 34. bxc5 bxc5 35. Rxc5 Rd2 36. Rc7+ Ka8 37. Nd7 1-0

[Event "WLS-ch"]
[Site "Ogmore-by-Sea"]
[Date "1992.04.18"]
[Round "2"]
[White "Williams, Leighton"]
[Black "Morris, Gareth"]
[Result "1/2-1/2"]
[WhiteElo "1900"]
[BlackElo "1975"]
[PlyCount "80"]
[EventDate "1992.04.17"]
[EventType "swiss"]
[EventRounds "7"]
[EventCountry "WLS"]
[SourceTitle "BritBase"]
[Source "John Saunders"]
[SourceDate "2024.03.28"]
[SourceVersion "1"]
[SourceVersionDate "2024.03.28"]
[SourceQuality "1"]

1. e4 c5 2. Nf3 d6 3. d4 cxd4 4. Nxd4 Nf6 5. Nc3 a6 6. Be2 e6 7. Be3 Be7 8. a4
Nc6 9. O-O O-O 10. f4 Qc7 11. g4 Nd7 12. Bc4 Nxd4 13. Qxd4 Bf6 14. Qd3 Nc5 15.
Qd2 Bxc3 16. Qxc3 Nxe4 17. Qd4 d5 18. Bd3 Bd7 19. c4 Bc6 20. cxd5 exd5 21. b4
b5 22. a5 Qd7 23. f5 f6 24. Bxe4 dxe4 25. Qxd7 Bxd7 26. Rfd1 Bc6 27. Rac1 Rac8
28. Kf2 Bb7 29. Bc5 Rfd8 30. Ke3 Rxd1 31. Rxd1 Re8 32. Rd7 Bc8 33. Rc7 h5 34.
g5 Bxf5 35. gxf6 gxf6 36. Rc6 Re6 37. Rxe6 Bxe6 38. Kxe4 Kf7 39. Bd6 h4 40. Kd4
Ke8 1/2-1/2

[Event "WLS-ch"]
[Site "Ogmore-by-Sea"]
[Date "1992.04.18"]
[Round "3"]
[White "Adams, Mark A"]
[Black "Green, Karl"]
[Result "1-0"]
[WhiteElo "2040"]
[BlackElo "1780"]
[PlyCount "55"]
[EventDate "1992.04.17"]
[EventType "swiss"]
[EventRounds "7"]
[EventCountry "WLS"]
[SourceTitle "BritBase"]
[Source "John Saunders"]
[SourceDate "2024.03.28"]
[SourceVersion "1"]
[SourceVersionDate "2024.03.28"]
[SourceQuality "1"]

1. e4 e5 2. Nf3 d6 3. d4 exd4 4. Qxd4 Nc6 5. Bb5 Bd7 6. Bxc6 Bxc6 7. Nc3 Qf6 8.
Bg5 Qxd4 9. Nxd4 h6 10. Be3 a6 11. O-O-O Nf6 12. f3 Be7 13. Nf5 Rh7 14. Rhe1
Bd7 15. Nxe7 Kxe7 16. e5 dxe5 17. Bc5+ Ke8 18. Bd4 Be6 19. Bxe5 c6 20. Bxf6
gxf6 21. Ne4 Ke7 22. f4 f5 23. Nd6 Kf8 24. Nxb7 Rb8 25. Nc5 Ke7 26. Rd7+ Kf6
27. Nxe6 fxe6 28. Rxh7 1-0

[Event "WLS-ch"]
[Site "Ogmore-by-Sea"]
[Date "1992.04.18"]
[Round "3"]
[White "Cooper, John Grantley"]
[Black "Morris, Charles F"]
[Result "1-0"]
[WhiteElo "2360"]
[BlackElo "2220"]
[PlyCount "43"]
[EventDate "1992.04.17"]
[EventType "swiss"]
[EventRounds "7"]
[EventCountry "WLS"]
[SourceTitle "BritBase"]
[Source "John Saunders"]
[SourceDate "2024.03.28"]
[SourceVersion "1"]
[SourceVersionDate "2024.03.28"]
[SourceQuality "1"]

1. d4 d5 2. c4 c6 3. Nf3 Nf6 4. Nc3 dxc4 5. a4 Bf5 6. Nh4 Bc8 7. e3 e5 8. Bxc4
e4 9. O-O $1 g5 10. f3 Be6 11. Bxe6 fxe6 12. fxe4 gxh4 13. e5 Nd5 14. e4 (14.
Qh5+ Kd7 15. e4 $18) 14... Nxc3 (14... Ne7 15. Bg5 $18) 15. bxc3 (15. Qh5+)
15... h5 (15... Be7 16. Qh5+ Kd7 17. Rf7 Kc8 18. Qg4 Nd7 19. Qxe6 Re8 20. a5
$18 Bg5 $140 21. Qf5 Bxc1 22. Rxc1 $18) 16. Qb3 Qd7 17. Rf6 h3 18. Bg5 Rh7 19.
Rxe6+ Re7 20. Rxe7+ Bxe7 21. Qg8+ Bf8 22. Rf1 1-0

[Event "WLS-ch"]
[Site "Ogmore-by-Sea"]
[Date "1992.04.18"]
[Round "3"]
[White "Cordy, Steven"]
[Black "Campbell, J"]
[Result "0-1"]
[WhiteElo "1995"]
[BlackElo "1840"]
[PlyCount "80"]
[EventDate "1992.04.17"]
[EventType "swiss"]
[EventRounds "7"]
[EventCountry "WLS"]
[SourceTitle "BritBase"]
[Source "John Saunders"]
[SourceDate "2024.03.28"]
[SourceVersion "1"]
[SourceVersionDate "2024.03.28"]
[SourceQuality "1"]

1. e4 c5 2. d4 cxd4 3. c3 Nf6 4. e5 Nd5 5. cxd4 d6 6. Bc4 Nb6 7. Bb5+ Bd7 8. e6
fxe6 9. Bd3 Qc7 10. Nc3 g6 11. Be3 Nc6 12. Rc1 a6 13. h4 Nd5 14. h5 Nxe3 15.
fxe3 d5 16. Nge2 Bh6 17. hxg6 Bxe3 18. g7 Rg8 19. Bxh7 Rxg7 20. Qd3 O-O-O 21.
Qxe3 Rh8 22. Qh6 Rgxh7 23. Qxh7 Rxh7 24. Rxh7 Kb8 25. Rh8+ Ka7 26. Rc2 Qd6 27.
Rd2 Na5 28. b3 Bb5 29. Nxb5+ axb5 30. Rh6 Nc6 31. g4 Nd8 32. Rh7 e5 33. g5 Qg6
34. Rxe7 Nc6 35. Rd7 Qxg5 36. Rxd5 Qh4+ 37. Ng3 Qxg3+ 38. Rf2 Nxd4 39. Rd7 Qe3+
40. Kf1 Qh3+ 0-1

[Event "WLS-ch"]
[Site "Ogmore-by-Sea"]
[Date "1992.04.18"]
[Round "3"]
[White "Dawson, Gary B"]
[Black "Rice, John P"]
[Result "1-0"]
[WhiteElo "2010"]
[BlackElo "1810"]
[PlyCount "75"]
[EventDate "1992.04.17"]
[EventType "swiss"]
[EventRounds "7"]
[EventCountry "WLS"]
[SourceTitle "BritBase"]
[Source "John Saunders"]
[SourceDate "2024.03.28"]
[SourceVersion "1"]
[SourceVersionDate "2024.03.28"]
[SourceQuality "1"]

1. Nf3 f5 2. e4 fxe4 3. Ng5 Nf6 4. d3 e5 5. dxe4 h6 6. Nf3 Qe7 7. Nc3 c6 8. a4
d6 9. Bc4 Be6 10. Qe2 Nbd7 11. Nh4 Bxc4 12. Qxc4 Qf7 13. Qxf7+ Kxf7 14. Nf5 Nc5
15. f3 d5 16. exd5 Nxd5 17. Ne4 Nxe4 18. fxe4 Bb4+ 19. c3 Nxc3 20. Bd2 Nd5 21.
exd5 Bxd2+ 22. Kxd2 cxd5 23. Rac1 g6 24. Nd6+ Ke7 25. Nxb7 Rhc8 26. b4 Rab8 27.
Rxc8 Rxc8 28. Rc1 Rxc1 29. Kxc1 Kf6 30. Kd2 e4 31. Na5 Kf5 32. Ke3 g5 33. b5 h5
34. Nc6 h4 35. a5 g4 36. b6 axb6 37. axb6 g3 38. h3 1-0

[Event "WLS-ch"]
[Site "Ogmore-by-Sea"]
[Date "1992.04.18"]
[Round "3"]
[White "Eustis, Ian P"]
[Black "Williams, Leighton"]
[Result "1-0"]
[WhiteElo "1880"]
[BlackElo "1900"]
[PlyCount "99"]
[EventDate "1992.04.17"]
[EventType "swiss"]
[EventRounds "7"]
[EventCountry "WLS"]
[SourceTitle "BritBase"]
[Source "John Saunders"]
[SourceDate "2024.03.28"]
[SourceVersion "1"]
[SourceVersionDate "2024.03.28"]
[SourceQuality "1"]

1. Nf3 Nf6 2. d4 g6 3. Bf4 Bg7 4. e3 c5 5. c3 Nc6 6. Nbd2 cxd4 7. exd4 d6 8.
Be2 O-O 9. O-O Re8 10. Nc4 Nd5 11. Bg3 f5 12. Ne3 Nxe3 13. fxe3 h6 14. Nh4 Kh7
15. Qc2 e5 16. d5 Ne7 17. e4 f4 18. Be1 g5 19. Nf3 Ng6 20. h3 Bd7 21. Nh2 Rh8
22. Bh5 Rc8 23. Rc1 Nf8 24. Qe2 Kg8 25. Bf2 a6 26. c4 Nh7 27. Ng4 Be8 28. Bxe8
Qxe8 29. c5 h5 30. Nh2 dxc5 31. Bxc5 Nf6 32. Ba3 Bf8 33. Bxf8 Kxf8 34. Rxc8
Qxc8 35. Nf3 Rg8 36. Nxe5 Qe8 37. Nf3 g4 38. hxg4 hxg4 39. Nh2 g3 40. Rxf4
gxh2+ 41. Kh1 Rg6 42. e5 Kg8 43. d6 Qe6 44. Qc4 Nd7 45. Qc8+ Kg7 46. Qxb7 Kh6
47. Rh4+ Kg5 48. Qe4 Rg8 49. Qf4+ Kg6 50. Rh6+ 1-0